000 nam a22 a 4500
999 _c136
_d136
003 BLK
005 20230504142101.0
008 180412b bul|||||r ||||||| ||bul||
010 _aKNG00000201000
020 _a954-799-182-5
040 _aBLK
041 _aBUL
_cBUL
080 _z373.2.016
_aПредучилищно възпитание
_b373.2.016
100 1 _aГалчева, Камелия Бориславова
_eпърви автор
_9241787
139 _aГалчева, Камелия Бориславова
_bГ 18
245 1 0 _aЗа екологичното възпитание на детето
_bЗа предучилищна възраст
_cКамелия Бориславова Галчева.
250 _a2. изд.
257 _aBGR
260 _aСофия
_bИзд. авт.
_c1993
300 _a127 с.
_bс табл., сх.
_c19 см
380 _a3
500 _a1. изд. 1993. - Библиогр. след отд. гл. - 1 000 тир.
650 4 _aЕкологично възпитание - в детската градина
_9241788
650 4 _aПредучилищно възпитание
_9241578
653 _aекология
653 _aвъзпитание
653 _aдеца
653 _aпредучилищно възпитание
852 _aЦб 174542
_bЦб
856 4 _qpdf
_u
_i0.00
_ldisable
856 4 _qpdf
_u
_i0.00
_ldisable
942 _cKNG
_n0
_s1
944 _aCR
_c15.01.2003
_kГеновева_Генчева
944 _aED
_c20.09.2006
999 _d136
999 _d136
999 _d136
999 _d136